00693nam a22002297a 450000100060000000300090000600500170001500700060003200800290003802000180006704000220008508200220010710000220012924500810015126000520023230000210028453400480030565000270035365000310038070000280041170000240043900595DO-SdBNP20230926113842.000595160629b2008 sp 00| 0 spa d a9788420473376 aBPMSUbspacBPMSU 4a813.5bC752d 2221 aConnell, Evans S.13aEl diario de un violador /cEvans S. Connell ; traducción Gabriela Bustelo0 aMadrid :bSantillana ediciones generales,c2008 a339 p. :c22 cm. aTítulo original : tThe Diary of a rapist 4aNovela norteamericana  4aLiteratura norteamericana 1 aBustelo, Gabriela,etr.1 aHomes, A. M.,eint.